000 00402cam a22001217a 4500
008 180718b1984 xxu||||| |||| 00| 0 eng d
082 _aA2:B3x54 T952
100 _aTyagi, K.G.
245 _aForeign researches on Indian political system and processes : a bibliography
_cby K.G. Tyagi
260 _aDelhi
_bPinka Agencies
_c1984
300 _a347p.
650 _aPublic administration - India - Bibliography
999 _c355858
_d355858